| 000 | 00395nam a22001697a 4500 | ||
|---|---|---|---|
| 003 | SGT | ||
| 020 | _a9789389587937 | ||
| 082 |
_a616.4 _bI20K |
||
| 100 | _aKALRA, SANJAY | ||
| 245 | _aINSULIN THERAPY MADE EASY | ||
| 250 | _a1ST | ||
| 260 |
_aINDIA _bJAYPEE PUB _c2020 |
||
| 300 | _a110 | ||
| 650 | _aGENERAL MEDICINE | ||
| 653 | _aINSULIN THERAPY. MADE EASY, DIABETES | ||
| 942 |
_2ddc _cBK |
||
| 999 |
_c25465 _d25465 |
||